Do-it-yourself sustainable water projects : (Record no. 22992)
[ view plain ]
| 000 -LEADER | |
|---|---|
| fixed length control field | 01997cam a22003255a 4500 |
| 008 - FIXED-LENGTH DATA ELEMENTS--GENERAL INFORMATION | |
| fixed length control field | 161102b xxu||||| |||| 00| 0 eng d |
| 020 ## - INTERNATIONAL STANDARD BOOK NUMBER | |
| International Standard Book Number | 9780071794220 |
| 040 ## - CATALOGING SOURCE | |
| Language of cataloging | eng |
| Modifying agency | EG-ScBUE |
| 082 04 - DEWEY DECIMAL CLASSIFICATION NUMBER | |
| Classification number | 628.1 |
| Edition number | 22 |
| Item number | DEM |
| 100 1# - MAIN ENTRY--PERSONAL NAME | |
| Personal name | Dempsey, Paul |
| Fuller form of name | (Paul K.) |
| 245 10 - TITLE STATEMENT | |
| Title | Do-it-yourself sustainable water projects : |
| Remainder of title | collect, store, purify, and drill for water / |
| Statement of responsibility, etc | Paul Dempsey ; Tony Selby, illustrator. |
| 246 3# - VARYING FORM OF TITLE | |
| Title proper/short title | Sustainable water projects |
| 250 ## - EDITION STATEMENT | |
| Edition statement | 1st ed. |
| 260 ## - PUBLICATION, DISTRIBUTION, ETC. (IMPRINT) | |
| Place of publication, distribution, etc | New York : |
| Name of publisher, distributor, etc | McGraw-Hill Companies ; |
| Date of publication, distribution, etc | c. 2013. |
| 300 ## - PHYSICAL DESCRIPTION | |
| Extent | xi, 259 p. : |
| Other physical details | ill. ; |
| Dimensions | 23 cm. |
| 504 ## - BIBLIOGRAPHY, ETC. NOTE | |
| Bibliography, etc | Includes bibliographical references and index. |
| 505 0# - FORMATTED CONTENTS NOTE | |
| Formatted contents note | [1] Glimmers of Light -- Worldwide Water Use -- Here at Home -- Climate Change -- The Way Forward -- [2] Using Less -- NAEUS -- Lawn and Garden -- Indoors -- Composting Toilets -- [3] Water from Air -- Rainwater Harvesting (RWH) -- Air Conditioner Condensate Recovery -- A Word about Greywater -- [4] Wells -- Well Basics -- Buying Property with a Well -- Hiring a Driller -- DIY Drilling -- [5] Pumps and Related Components -- Well Yield -- Pump Performance -- Water Demand -- Pump Sizing -- Maintenance Issues -- Piping -- Standard Jet Pumps -- Deep-Well Jet Pumps -- Centrifugal Submersible Pumps -- Water Storage -- Pump Motor Controls -- [6] Alternative Power -- Solar Power -- Wind Power -- Human Power -- A Last Word -- Glossary -- Appendix A: Water Web Sites. |
| 590 ## - LOCAL NOTE (RLIN) | |
| Local note | shima |
| 650 #7 - SUBJECT ADDED ENTRY--TOPICAL TERM | |
| Topical term or geographic name as entry element | Water-supply |
| General subdivision | Environmental aspects. |
| Source of heading or term | BUEsh |
| 650 #7 - SUBJECT ADDED ENTRY--TOPICAL TERM | |
| Topical term or geographic name as entry element | Water-supply |
| Form subdivision | Handbooks, manuals, etc. |
| Source of heading or term | BUEsh |
| 650 #7 - SUBJECT ADDED ENTRY--TOPICAL TERM | |
| Topical term or geographic name as entry element | Water use |
| General subdivision | Environmental aspects. |
| Source of heading or term | BUEsh |
| 650 #0 - SUBJECT ADDED ENTRY--TOPICAL TERM | |
| Topical term or geographic name as entry element | Sustainability. |
| Source of heading or term | BUEsh |
| 9 (RLIN) | 11718 |
| 650 #7 - SUBJECT ADDED ENTRY--TOPICAL TERM | |
| Topical term or geographic name as entry element | Water conservation. |
| Source of heading or term | BUEsh |
| 9 (RLIN) | 4524 |
| 650 #0 - SUBJECT ADDED ENTRY--TOPICAL TERM | |
| Topical term or geographic name as entry element | Do-it-yourself work. |
| Source of heading or term | BUEsh |
| 651 ## - SUBJECT ADDED ENTRY--GEOGRAPHIC NAME | |
| Source of heading or term | BUEsh |
| 653 ## - INDEX TERM--UNCONTROLLED | |
| Resource For college | Engineering, General |
| Arrived date list | November2016 |
| 906 ## - LOCAL DATA ELEMENT F, LDF (RLIN) | |
| a | 7 |
| b | cbc |
| c | orignew |
| d | 1 |
| e | ecip |
| f | 20 |
| g | y-gencatlg |
| 942 ## - ADDED ENTRY ELEMENTS (KOHA) | |
| Source of classification or shelving scheme | Dewey Decimal Classification |
| Withdrawn status | Item status | Source of classification or shelving scheme | Damaged status | Not for loan | Vendor | Home library | Current library | Shelving location | Date acquired | Source of acquisition | Cost, normal purchase price | Serial Enumeration / chronology | Total Checkouts | Full call number | Barcode | Date last seen | Cost, replacement price | Koha item type |
|---|---|---|---|---|---|---|---|---|---|---|---|---|---|---|---|---|---|---|
| Dewey Decimal Classification | Baccah | Central Library | Central Library | First floor | 02/11/2016 | Purchase | 200.00 | 25843 | 628.1 DEM | 000045209 | 15/07/2025 | 250.00 | Book - Borrowing |